| 000 | 00969nam a2200265 a 4500 | ||
|---|---|---|---|
| 001 | 000021727 | ||
| 005 | 20200930011427.0 | ||
| 008 | 100910s2003 pr c 000 0 spa d | ||
| 020 | _a1881715965 | ||
| 040 |
_aDO-SdBNP _bspa _cBNPHU |
||
| 082 |
_a972.95 _bG216a |
||
| 100 | 1 |
_aGarcía Leduc, José Manuel _d1944- _937367 |
|
| 245 | 1 | 0 |
_aApuntes para una historia breve de Puerto Rico (desde la prehistoria hasta 1898) / _cJosé Manuel García LeduC ; corrección Carlos Rojas. |
| 250 | _a2a ed. corr. | ||
| 260 |
_aSanto Domingo : _bIsla Negra, _c2003. |
||
| 300 |
_a287 p. : _bil. ; _c23 cm. |
||
| 500 | _aIncluye datos biográficos del autor | ||
| 504 | _aBibliografía : 262-287 | ||
| 651 | 4 |
_aPuerto Rico _xPolítica Y Gobierno _y1898 _930144 |
|
| 651 | 4 |
_aPuerto Rico _xHistoria _y1898 _99073 |
|
| 651 | 4 |
_aPuerto Rico _xCivilización _913570 |
|
| 651 | 4 |
_aPuerto Rico _xCondiciones Económicas _916159 |
|
| 700 | 1 |
_aRojas, Carlos, _ecorr. _937368 |
|
| 049 | _aBNPD | ||
| 999 |
_c21226 _d21226 |
||